| 000 | 00834nam a2200181 a 4500 | ||
|---|---|---|---|
| 008 | 130731s2009 ||||||||||||||||| || u | ||
| 020 | _a9781412948807 | ||
| 050 | _aRA 425 Key | ||
| 100 | _aWilson, Frances | ||
| 245 | 1 | 0 |
_aKey concepts in public health _cedited by Frances Wilson and Mzwandile Mabhala |
| 260 |
_aLondon: _bSAGE Publications _c2009 |
||
| 300 | _axiii, 312p. | ||
| 490 | _aSAGE Key Concepts | ||
| 650 | 3 | _aPUBLIC HEALTH | |
| 700 | _aMabhala, Mzwandile | ||
| 995 |
_aMICHAEL CHILUFYA SATA OPEN ACCESS _e903181 _FCBU-SCHOOL OF MEDICINE LIBRARY (Ndola) _I60.00 _jRA 425 Key _M2 _UAVAILABLE _WDec 14, 2015 _y903181 _ZMedical Library Open Access Collection |
||
| 995 |
_aMEDICAL LIBRARY OPEN ACCESS _e902123 _FCBU-SCHOOL OF MEDICINE LIBRARY (Ndola) _jRA 425 Key _M1 _UOUT _WAug 21, 2013 _y902123 _ZMedical Library Open Access Collection |
||
| 999 |
_c64317 _d64317 |
||